Vida del apóstol Santiago (Record no. 6958)
[ view plain ]
| 000 -CABECERA | |
|---|---|
| campo de control de longitud fija | 01275nam a2200217 a 4500 |
| 001 - NÚMERO DE CONTROL | |
| campo de control | BRCA_7280 |
| 005 - FECHA Y HORA DE LA ÚLTIMA TRANSACCIÓN | |
| campo de control | 20190320205758.0 |
| 008 - DATOS DE LONGITUD FIJA--INFORMACIÓN GENERAL | |
| campo de control de longitud fija | 280212s2011----mx-a######---#000-0#spa-# |
| 041 ## - CÓDIGO DE LENGUA | |
| Código de lengua del texto/banda sonora o título independiente | spaeng |
| 044 ## - CÓDIGO DEL PAÍS DE LA ENTIDAD EDITORA/PRODUCTORA | |
| Código MARC del país | mx |
| 050 #4 - SIGNATURA TOPOGRÁFICA DE LA BIBLIOTECA DEL CONGRESO | |
| Número de clasificación | BS2453 |
| Número de documento/Ítem | .T67 2011 |
| 100 1# - ENTRADA PRINCIPAL--NOMBRE DE PERSONA | |
| Nombre de persona | Torales Pacheco, María Cristina |
| 9 (RLIN) | 9487 |
| 245 10 - MENCIÓN DE TÍTULO | |
| Título | Vida del apóstol Santiago |
| Resto del título | expresión de identidades : introducción al facsímil Vida del apóstol Santiago el Mayor escrita por Ldo. D. Joseph de Lezamis editado en la Ciudad de México = Life of the Apostle James : expression of identities : introduction to the facsimile Life of Santiago Apostle written by Ldo. D. Joseph de Lezamis edited in Mexico City |
| Mención de responsabilidad, etc. | María Cristina Torales Pacheco. |
| 260 ## - PUBLICACIÓN, DISTRIBUCIÓN, ETC. | |
| Lugar de publicación, distribución, etc. | México |
| Nombre del editor, distribuidor, etc. | Fundación E. Arocena |
| Fecha de publicación, distribución, etc. | 2011 |
| 300 ## - DESCRIPCIÓN FÍSICA | |
| Extensión | 95 p. |
| Otras características físicas | il. a color |
| Dimensiones | 22 cm. |
| Material acompañante/anejo | Facsímil Vida del apóstol Santiago el Mayor escrita por Ldo. D. Joseph de Lezamis. México, 1699 |
| 500 ## - NOTA GENERAL | |
| Nota general | Incluye piezas de la colección Franz Mayer: p. [4-5], 34-35 y 62-63 |
| 546 ## - NOTA DE LENGUA/LENGUAJE | |
| Nota de lengua/lenguaje | Texto en: español e inglés |
| 600 14 - PUNTO DE ACCESO ADICIONAL DE MATERIA--NOMBRE DE PERSONA | |
| Nombre de persona | Santiago |
| Títulos y otros términos asociados al nombre | Apóstol |
| 9 (RLIN) | 18018 |
| 740 0# - PUNTO DE ACCESO ADICIONAL--TÍTULO RELACIONADO O ANALÍTICO NO CONTROLADO | |
| Título relacionado o analítico no controlado | Life of the Apostle James : expression of identities : introduction to the facsimile Life of Santiago Apostle written by Ldo. D. Joseph de Lezamis edited in Mexico City. |
| 942 ## - ELEMENTOS DE PUNTO DE ACCESO ADICIONAL (KOHA) | |
| Fuente del sistema de clasificación o colocación | Library of Congress Classification |
| Tipo de ítem Koha | Libros |
| Estado de retiro | Estado de pérdida | Estado dañado | No para préstamo | Localización permanente | Ubicación/localización actual | Fecha de adquisición | Total de préstamos | Signatura topográfica completa | Código de barras | Fecha visto por última vez | Precio válido a partir de | Tipo de ítem Koha |
|---|---|---|---|---|---|---|---|---|---|---|---|---|
| El ejemplar forma parte de la colección y puede ser consultado según las políticas vigentes. | Biblioteca del Museo Franz Mayer (Rogerio Casas-Alatriste) | Biblioteca del Museo Franz Mayer (Rogerio Casas-Alatriste) | 24/02/2012 | BS2453 .T67 2011 | 02698 | 22/03/2019 | 22/03/2019 | Libros |